15 busiest railway stations in Finland - Statistics

General Stats
  • This quiz has been taken 42 times
  • The average score is 10 of 15
Answer Stats
Passengers Station % Correct
8106 000 Helsinki
95%
900 000 Oulu
88%
1100 000 Turku
88%
1300 000 Tampere
85%
500 000 Rovaniemi
80%
1000 000 Lahti
75%
800 000 Jyväskylä
68%
1350 000 Pasila
63%
700 000 Lappeenranta
60%
1891 000 Tikkurila
60%
700 000 Joensuu
53%
600 000 Kouvola
50%
500 000 Seinäjoki
50%
600 000 Riihimäki
30%
1200 000 Leppävaara
28%
No matching quizzes found
Score Distribution
Percent of People with Each Score
Percentile by Number Answered
Your Score History
You have not taken this quiz